00424nam a22001577a 450000500170000001000150001702000260003203500140005803700090007208200090008110000170009024500360010726000340014327000700017730000190024720250704143920.0 aENG-145698 a9789349042063c150.00 aEN-129230 bDBAD aN21 aKafka, Franz aThe Metamarphosis/cFranz Kafka aChandigarhbThe Browserc2025 bChandigarhaSCO 14-15, Sector 8-Ce160009mservice@thebrowser.org a54p.c20cm(pb)